000 00635nam a2200217 a 4500
999 _c4168
_d4168
001 4168
003 BD-JhCC
005 20171125103522.0
008 171123s1969 bg ||||| |||| 00| 0 ben d
035 _a(BD-JhCC)4168
040 _aBD-JhCC
_dBD-JhCC
041 _aben
082 _a297.89177
_bISL 1969
245 _aইসলামের দৃষ্টিতে রাষ্ট্র /
_cইসলামী ফাউন্ডেশন
300 _a107 p. :
_c21 cm.
650 _aIslam and state
650 _aIslamic countries
710 _aইসলামী ফাউন্ডেশন
942 _2ddc
_cBK